Building technology 1: site organisation and method (Record no. 89641)

MARC details
000 -LEADER
fixed length control field 00624cam a2200217 4500
008 - FIXED-LENGTH DATA ELEMENTS--GENERAL INFORMATION
fixed length control field 090401t1988 xxu||||| |||| 00| 0 eng d
020 ## - INTERNATIONAL STANDARD BOOK NUMBER
International Standard Book Number 0713451785
035 ## - SYSTEM CONTROL NUMBER
System control number (Sirsi) u31887
041 ## - LANGUAGE CODE
Language code of text/sound track or separate title eng
050 ## - LIBRARY OF CONGRESS CALL NUMBER
Classification number 690
100 ## - MAIN ENTRY--PERSONAL NAME
Personal name Chandler, Ian
245 ## - TITLE STATEMENT
Title Building technology 1: site organisation and method
260 ## - PUBLICATION, DISTRIBUTION, ETC.
Place of publication, distribution, etc. London
Name of publisher, distributor, etc. Mitchell
Date of publication, distribution, etc. 1988
300 ## - PHYSICAL DESCRIPTION
Extent 175p. : ill. ; 22cm.
350 ## - PRICE (NR) (BK AM CF MU VM SE) [OBSOLETE]
Price 9.95
490 ## - SERIES STATEMENT
Series statement Construction Technology and Management
520 ## - SUMMARY, ETC.
Summary, etc. Published in association with the Chartered Institute of Building .
650 ## - SUBJECT ADDED ENTRY--TOPICAL TERM
Topical term or geographic name entry element Block management
9 (RLIN) 6220
942 ## - ADDED ENTRY ELEMENTS (KOHA)
Suppress in OPAC 0
948 ## - LOCAL PROCESSING INFORMATION (OCLC); SERIES PART DESIGNATOR (RLIN)
c (OCLC) 04/03/1997
Holdings
Withdrawn status Lost status Source of classification or shelving scheme Damaged status Not for loan Home library Current library Shelving location Date acquired Cost, normal purchase price Total Checkouts Full call number Barcode Date last seen Date last checked out Copy number Cost, replacement price Price effective from Koha item type
    Dewey Decimal Classification     London London Books 14/09/1999 9.95 2 690 30020542 06/08/2019 11/03/2008 1 9.95 06/08/2019 Book